000 00593nam a2200121Ia 4500
008 220615s9999||||xx |||||||||||||| ||und||
100 _aKarush, Matthew B.
245 0 _aMusicians in Transit
_bArgentina and the Globalization of Popular Music
546 _aEnglish[eng]
650 _aMusic||Argentina||Astor Piazzolla||Jazz||Latin||Latin America||United States
856 _uhttps://library.oapen.org/bitstream/20.500.12657/31754/1/625280.pdf||https://library.oapen.org/bitstream/20.500.12657/31754/1/625280.pdf||https://library.oapen.org/bitstream/20.500.12657/31754/1/625280.pdf
942 _cEB
999 _c11902
_d11902